Correct spelling punctuation and pronunciation (Record no. 33087)

MARC details
000 -LEADER
fixed length control field 00292nam a2200109Ia 4500
082 ## - DEWEY DECIMAL CLASSIFICATION NUMBER
Classification number 801.1
Item number MAI
100 ## - MAIN ENTRY--AUTHOR NAME
Personal name Maison, M M
245 #0 - TITLE STATEMENT
Title Correct spelling punctuation and pronunciation
260 ## - PUBLICATION, DISTRIBUTION, ETC. (IMPRINT)
Place of publication Bombay
Name of publisher D B Taraporevala
Year of publication 1977
942 ## - ADDED ENTRY ELEMENTS (KOHA)
Koha item type Books
Holdings
Withdrawn status Lost status Damaged status Not for loan Home library Current library Date acquired Cost, normal purchase price Full call number Accession Number Koha item type
        RRII Library RRII Library 16/12/2021 9.95 801.1 MAI 13588 Books